Biblioteca y Centro de Documentación

Liberalización del suministro eléctrico y desprotección del consumidor doméstico (Registro nro. 43836)

Detalles MARC
000 -CABECERA
Longitud fija campo de control 01082naa a2200277 c 4500
001 - NÚMERO DE CONTROL
Número de control 43836
003 - IDENTIFICADOR DE NÚMERO DE CONTROL
Identificador del número de control ES-MaCES
005 - FECHA Y HORA DE LA ÚLTIMA TRANSACCIÓN
Fecha y hora de la última transacción 20130418111100.0
008 - CAMPO FIJO DE DESCRIPCIÓN FIJA--INFORMACIÓN GENERAL
Códigos de información de longitud fija   130418n2013 sp t 000 | spa d
035 ## - NÚMERO DE CONTROL DEL SISTEMA
Número de control del sistema CES20130002800v
040 ## - FUENTE DE CATALOGACIÓN
Centro catalogador de origen ES-MaCES
Lengua de catalogación spa
Centro transcriptor ES-MaCES
100 1# - ENCABEZAMIENTO PRINCIPAL--NOMBRE PERSONAL
Nombre de persona Estoa Pérez, Abel
9 (RLIN) 11494
245 10 - MENCIÓN DE TÍTULO
Título Liberalización del suministro eléctrico y desprotección del consumidor doméstico
Resto del título = liberalisation of the electry supply and lack of protection of the household consumer
Mención de responsabilidad, etc. Abel Estoa Pérez
500 ## - NOTA GENERAL
Nota general Resumen en español e inglés
650 #4 - ASIENTO SECUNDARIO DE MATERIA--TÉRMINO DE MATERIA
Término de materia o nombre geográfico como elemento inicial España
9 (RLIN) 26964
650 #4 - ASIENTO SECUNDARIO DE MATERIA--TÉRMINO DE MATERIA
Término de materia o nombre geográfico como elemento inicial protección del consumidor
9 (RLIN) 29407
650 #4 - ASIENTO SECUNDARIO DE MATERIA--TÉRMINO DE MATERIA
Término de materia o nombre geográfico como elemento inicial consumo de energía
9 (RLIN) 27752
650 #4 - ASIENTO SECUNDARIO DE MATERIA--TÉRMINO DE MATERIA
Término de materia o nombre geográfico como elemento inicial consumidor
9 (RLIN) 27902
650 #4 - ASIENTO SECUNDARIO DE MATERIA--TÉRMINO DE MATERIA
Término de materia o nombre geográfico como elemento inicial energía eléctrica
9 (RLIN) 27761
650 #4 - ASIENTO SECUNDARIO DE MATERIA--TÉRMINO DE MATERIA
Término de materia o nombre geográfico como elemento inicial electricidad
9 (RLIN) 27764
653 10 - TÉRMINO DE INDEXACIÓN--NO CONTROLADO
Término no controlado Industria-Energía
773 0# - ENTRADA DE DOCUMENTO FUENTE
Título Revista española de Derecho administrativo
Parte(s) relacionada(s) n. 157 (en.-marzo 2013){10039 R. 083000}; p. 165-184
Número de control del registro relacionado (ES-MaCES)25059
Itemnumber del ítem fuente 32292
902 ## - CES. TIPO DE DOCUMENTO
Tipodoc (006$c Sirtex) ART Artículo de revista
942 ## - ELEMENTOS KOHA
Fuente de clasificaión o esquema Clasificación propia del CES
Koha [por defecto] tipo de item Artículos (1982-2017)
Parte de clasificación 5.2.

No hay ítems disponibles.

© CES, Consejo Económico y Social de España 2021